Coupe du monde - Statistiques

Statistiques générales
  • Ce quiz a été pris 76 fois
  • Le résultat moyen est 14 sur 22
Statistiques - réponses
Hint Réponse % Correct
1998 France
86%
2022 Argentine
84%
2002 Brésil
84%
1994 Brésil
80%
2010 Espagne
80%
2018 France
80%
2006 Italie
80%
1958 Brésil
73%
2014 Allemagne
71%
1930 Uruguay
67%
1962 Brésil
63%
1966 Angleterre
61%
1986 Argentine
59%
1990 Allemagne
55%
1978 Argentine
49%
1970 Brésil
49%
1950 Uruguay
49%
1974 Allemagne
47%
1938 Italie
47%
1954 Allemagne
41%
1934 Italie
41%
1982 Italie
37%
Aucun quiz correspondant
Distribution des résultats
% des personnes avec chaque résultat
Percentile par nombre de réponses
Votre historique - résultats
Vous n’avez pas pris ce quiz